000 02021cam a22004814i 4500
003 PE-LiUPU
005 20250731173337.0
008 150706s2005 be rb 000 0 eng d
020 _a9042916192
035 _a(Sirsi) i9789042916197
040 _aPE-LiUPU
_bspa
_cPE-LiUPU
_erda
049 _aPRUA
082 0 4 _a221.07
_bHC
_221
100 1 _aDirksen, Peter B.,
_eautor.
245 1 0 _a1 Chronicles /
_cPeter B. Dirksen.
264 1 _aLeuven ; Dudley, MA :
_bPeeters,
_c2005.
300 _a358 páginas ;
_c24 centímetros.
336 _atext
_2rdacontent
337 _aunmediated
_2rdamedia
338 _avolume
_2rdacarrier
490 1 _aHistorical Commentary on the Old Testament
504 _aIncluye bibliografía.
505 0 _aThe genealogical prologue (1:1-9:44) -- David becomes king (10:1-12:41) -- David brings the ark to Jerusalem 13:1-16:43) -- God promises David a son/temple builder(17:1-27) -- David brings about rest (18:1-20:8) -- God points out the place of the future temple (21:1-22:1) -- David orders Solomon to build the temple (22:2-19) -- Regulations for various offices (23:1-27:34) -- David involves Israel in the building of the temple (28:1-29:25).
526 _aSEG42
526 _aSEG41
526 _aSEG40
526 _aSEG39
526 _aP94
526 _aP87
526 _aP86
526 _aP85
526 _aP77
526 _aP76
526 _aP35
541 _g20081126230934D47324;
630 _aBiblia.
_pA.T.
_pCrónicas I
_xComentarios.
910 _agl
_bjv
_cjvm
_d20100222
942 _2ddc
_cBOOK
949 _a221.07 HC 13
_wDEWEY
_c1
_i59809
_lCCODEBUL1
_mBUL
_p40.00
_r0
_sY
_tBOOK
_u2015-7-6
_xTEOLOGIA
_zUNKNOWN
_0COMPRA
_o.STAFF. Colección Teología
994 _aC0
_bPEPRU
596 _a1
999 _a221.07 HC 13
_wDEWEY
_c49345
_i59809
_d49345
_f2021-11-9
_g5
_lCCODEBUL1
_mBUL
_p40.00
_q3
_r0
_sY
_tBOOK
_u2015-7-6
_xTEOLOGIA
_PP35
_0COMPRA
_o.STAFF. Colección Teología
980 _81
_gALBERTO SANCHEZ Responsable de Automatización